| 000 | 00700nam a2200289Ia 4500 | ||
|---|---|---|---|
| 008 | 160803s9999 xx 000 0 und d | ||
| 020 | _a9780439650755 | ||
| 100 | _aCollins, Suzanne | ||
| 245 | _aGregor and the Prophecy of Bane / | ||
| 245 | _cSuzanne Collins. | ||
| 250 | _a1st edition. | ||
| 260 | _aNew York : | ||
| 260 | _bScholastic Inc. | ||
| 260 | _c2004 | ||
| 300 | _a312 pages ; | ||
| 300 | _c22 cm. | ||
| 440 | _aUnderland chronicles ; | ||
| 440 | _vbk. 2 | ||
| 650 | _aAnimals -- | ||
| 650 | _aBrothers and sisters -- | ||
| 650 | _aFantasy. | ||
| 650 | _aFriendship -- | ||
| 650 | _xFiction. | ||
| 650 | _xFiction. | ||
| 650 | _xFiction. | ||
| 700 | _a680 | ||
| 999 |
_c298822 _d298822 |
||